Are you smart enough to beat this quiz? - Statistics

General Stats
  • This quiz has been taken 81 times
    58 since last reset
  • The average score is 8 of 12
Answer Stats
Picture Hint Answer % Correct
its easy! chess
98%
BOOM volcano
96%
what comes out of mommy? baby
89%
get knowledge books
87%
this is where we live the earth
87%
rnn rnn rnn phone
77%
I SWIM LIKE A DUCK swan
74%
found when texting emojis
68%
where people are burried graveyard
62%
its berries XD berries
47%
awwww cute! chicks
32%
ooh! gemstones
17%
No matching quizzes found
Score Distribution
Percent of People with Each Score
Percentile by Number Answered
Your Score History
You have not taken this quiz since the last reset